000 00388nam a2200181Ia 4500
005 20250423101005.0
008 250422s9999 xx 000 0 und d
020 _a0-671-76603-1
050 _aBF1729.S4Z65
100 _aZolar
245 0 _aStarmates
260 _aNew York
260 _bFireside
260 _c1989
300 _a395 p
650 _aAstrogy and Sex
942 _cBK
999 _c34952
_d34952